000 00266nam a22001217a 4500
008 171123b xxu||||| |||| 00| 0 eng d
041 _aeng
080 _a004
100 _a27
101 _aSHK
245 _aFOCUSING ON COMPUTERS
_c ROBERT..P
942 _2udc
_cBK
999 _c38350
_d38350